Transformation dans Dragon Ball - Statistiques

Statistiques générales
  • Ce quiz a été pris 296 fois
  • Le résultat moyen est 6 sur 12
Statistiques - réponses
Indice Réponse % Correct
Entraînement sur la Planète Kaïo Kaioken
96%
Acquis grâce à un excès de colère Super Saiyan
82%
Obtenu grâce à un entraînement rigoureux ou par possession Super Saiyan 2
77%
Obtenu grâce à un entraînement titanesque (ou par fusion) Super Saiyan 3
77%
Avoir repris le contrôle sur le singe géant doré Super Saiyan 4
71%
Réunir 5 Saiyans au cœur pur Super Saiyan Divin
61%
Acquis avec un entraînement extrêmement intense Super Saiyan Bleu
51%
Consiste à encaisser les dégâts et prendre le dessus sur le combat Ultra Ego
38%
Additionné avec cette même transformation Super Saiyan Bleu Kaioken
32%
A synthétiser tout ce qu'il a appris grâce aux entraînements de ses maîtres Ultra Instinct Maîtrisé
23%
Obtenu en dépassant ses limites Super Saiyan Bleu évolué
17%
Encaisser une attaque et l'absorber pour qu'il s'éveille Signes de l'Ultra Instinct
6%
Aucun quiz correspondant
Distribution des résultats
% des personnes avec chaque résultat
Percentile par nombre de réponses
Votre historique - résultats
Vous n’avez pas pris ce quiz